Я познаю мир; Природные катастрофы: Детская энциклопедия

Bibliografische gegevens
Andere auteurs: Непомнящий Н. Н. (составитель)
Taal:Russisch
Gepubliceerd in: Москва, АСТ, 2001
Onderwerpen:
Formaat: MixedMaterials Boek
KOHA link:https://koha.lib.tpu.ru/cgi-bin/koha/opac-detail.pl?biblionumber=37806

MARC

LEADER 00000nam0a2200000 4500
001 37806
005 20231031004449.0
010 |a 517009258X 
010 |a 5-271-00626-3 
035 |a (RuTPU)RU\TPU\book\38397 
090 |a 37806 
100 |a 20020130d2001 сdеy0rusy50020304ca 
101 0 |a rus 
102 |a RU 
105 |a a f 001zy 
200 1 |a Я познаю мир  |e Детская энциклопедия  |a Природные катастрофы  |f Авт.-сост.: Н. Н. Непомнящий 
210 |a Москва  |c АСТ  |c Астрель  |d 2001 
215 |a 457 с.  |c ил. 
320 |a Библиогр.: с. 446. 
320 |a Предм.-им. указ.: с. 447-451. 
610 1 |a энциклопедии детские 
610 1 |a геология 
610 1 |a география 
610 1 |a природа 
610 1 |a катастрофы 
610 1 |a наводнения 
610 1 |a ураганы 
610 1 |a цунами 
610 1 |a сели 
675 |a 087  |v 3 
675 |a 087:55  |v 3 
702 1 |a Непомнящий  |b Н. Н.  |4 220 
801 1 |a RU  |b 63413507  |c 20020130  |g PSBO 
801 2 |a RU  |b 63413507  |c 20020215  |g PSBO 
942 |c BK